Central Library OPAC University of Rajshahi

Marketing of agricultural products / (Record no. 59919)

MARC details
000 -LEADER
fixed length control field 00731nam a2200241 a 4500
001 - CONTROL NUMBER
control field 59919
003 - CONTROL NUMBER IDENTIFIER
rucl marc code BD-RjUL
005 - DATE AND TIME OF LATEST TRANSACTION
control field 20211209080800.0
008 - FIXED-LENGTH DATA ELEMENTS--GENERAL INFORMATION
fixed length control field 161227s1955 nyua b 001 0 eng
035 ## - SYSTEM CONTROL NUMBER
System control number (BD-RjUL)60043
040 ## - CATALOGING SOURCE
Original cataloging agency BD-RjUL
Transcribing agency BD-RjUL
Modifying agency BD-RjUL
Language of cataloging eng
041 ## - LANGUAGE CODE
Language code of text/sound track or separate title eng
082 00 - DEWEY DECIMAL CLASSIFICATION NUMBER
Edition number 23
Classification number 338.17
Author mark and year KOM 1955
100 1# - MAIN ENTRY--PERSONAL NAME
Personal name Kohls, Richard L.
Fuller form of name (Richard Louis),
Dates associated with a name 1921-
9 (RLIN) 178240
245 10 - TITLE STATEMENT
Title Marketing of agricultural products /
Statement of responsibility, etc. Richard L. Kohls.
260 ## - PUBLICATION, DISTRIBUTION, ETC. (IMPRINT)
Place of publication, distribution, etc. New York :
Name of publisher, distributor, etc. Macmillan,
Date of publication, distribution, etc. 1955
300 ## - PHYSICAL DESCRIPTION
Pagination xiii, 399 p. :
Size 23 cm.
500 ## - GENERAL NOTE
General note Includes index
650 #0 - SUBJECT ADDED ENTRY--TOPICAL TERM
Topical term or geographic name as entry element Produce trade.
9 (RLIN) 178241
Topical term or geographic name as entry element Produce trade
Geographic subdivision United States.
9 (RLIN) 178242
Topical term or geographic name as entry element Farm produce
General subdivision Marketing.
9 (RLIN) 177755
942 ## - ADDED ENTRY ELEMENTS (KOHA)
Source of classification or shelving scheme Dewey Decimal Classification
Koha item type Books
Holdings
Lost status Source of classification or shelving scheme Damaged status Not for loan Collection code Permanent Location Current Location Shelving location Date acquired Source of acquisition Cost, normal purchase price Total Checkouts Full call number Date last seen Copy number Koha item type
  Dewey Decimal Classification   Not For Loan Non-fiction Central Library, University of Rajshahi Central Library, University of Rajshahi Reading Room 03/09/1957 B.H. Blackwell 1.00   338.17 KOM 1955 27/12/2016 C-1 Books